Normal view
MARC view
- Poe, Edgar Allan,
Entry Nombre Personal
001 - NUMERO DE CONTROL
- campo de control: 5237
003 - IDENTIFICADOR DE NUMERO DE CONTROL
- campo de control: MX-MxUPN
005 - FECHA Y HORA DE LA ÜLTIMA TRANSACCIÓN
- campo de control: 20250213095820.0
008 - DATOS DE LONGITUD FIJA
- campo de control de longitud fija: 250213n| fcnnnbabn | ana |d
035 ## - NUMERO DE CONTROL
- Número de control: UPN10000005237
040 ## - FUENTE DE CATALOGACIÓN
- Agencia original de catalogación: MX-MxUPN
- Lenguaje de catalogación: spa
- Agencia de transcripción: MX-MxUPN
100 1# - ENCABEZAMIENTO - NOMBRE PERSONAL
- Nombre personal: Poe, Edgar Allan,
- Fechas asociadas con el nombre: 1809-1849
- Subdivisión temática general : Crítica e interpretación
670 ## - FUENTE EN LA QUE SE LOCALIZARON DATOS
- Cita de la fuente: T/P
- Información localizada: Salvat Universal
902 ## - CATALOGADOR
- Catalogador: MEEG/251006
